Dětství, rodina a stáří v dějinách Evropy

Gespeichert in:
Bibliographische Detailangaben
Format: Buch
Sprache:Tschechisch
Veröffentlicht: Praha Panorama 1990
Ausgabe:1. vyd.
Schriftenreihe:Pyramida
Tags: Tag hinzufügen
Keine Tags, Fügen Sie das erste Tag hinzu!

MARC

LEADER 00000nam a2200000 4500
001 c040892
005 20221206122928.6
041 0 |a cze 
044 |a CZ 
245 1 0 |a Dětství, rodina a stáří v dějinách Evropy 
250 |a 1. vyd. 
264 1 |a Praha  |b Panorama  |c 1990 
300 |a 474 s. 
490 1 |a Pyramida 
830 0 |a Pyramida